000 00372nam a2200145 a 4500
001 2063
003 CDMR
005 20130521171453.0
008 130130s1983||||||||||||||||||||||||||||d
040 _aCDMR
_bcat
_cCPC GIRONA
100 1 _aGubern, Romà
_9389
245 1 3 _aLa imagen y la cultura de masas
_cRomán Gubern
260 _c1983
_bBruguera
_aBarcelona
942 _cMON
_2udc
999 _c2063
_d2063